Welcome to the Holygrace Academy Library

Please use search bar below to get started

AKALANGALILE PARAVAKAL (Record no. 4366)

MARC details
000 -LEADER
fixed length control field 00287nam a22001337a 4500
082 ## - DEWEY DECIMAL CLASSIFICATION NUMBER
Classification number 894.812.1
Item number VEN/A
100 ## - MAIN ENTRY--AUTHOR NAME
Personal name VENNIYOOR, RASHEED
245 ## - TITLE STATEMENT
Title AKALANGALILE PARAVAKAL
260 ## - PUBLICATION, DISTRIBUTION, ETC. (IMPRINT)
Place of publication VENNIYUR
Name of publisher MANDHARAM
Year of publication 2022
300 ## - PHYSICAL DESCRIPTION
Number of Pages 110
520 ## - SUMMARY, ETC.
Summary, etc POETRY
650 ## - SUBJECT ADDED ENTRY--TOPICAL TERM
Topical Term POETRY
942 ## - ADDED ENTRY ELEMENTS (KOHA)
Koha item type Books

No items available.